| 000 | 00467nam a2200169Ia 4500 | ||
|---|---|---|---|
| 008 | 210707s1982 xx 000 0 und d | ||
| 041 | _aeng | ||
| 082 | _a658.1511 MAHM | ||
| 100 | _aMAHESHWARI (S N) | ||
| 245 | _aManagement accounting and financial control | ||
| 260 |
_aND _bSultan Chand & Sons _c1982 |
||
| 365 |
_b55 _cINR |
||
| 563 | _aHB | ||
| 650 | _aManagement | ||
| 650 | _aManagement Accounting | ||
| 906 | _aaccounting and control financial Management | ||
| 999 |
_c180228 _d180228 |
||